| 000 | 00594nam a22001937a 4500 | ||
|---|---|---|---|
| 003 | SISC | ||
| 005 | 20160204092542.0 | ||
| 008 | 130906t xxu||||| |||| 00| 0 eng d | ||
| 050 |
_aRC 931 _b.L438 1983 |
||
| 082 |
_aHS 613.7 _bLe47 1983 |
||
| 245 | _aLearning to live with osteoarthritis / | ||
| 260 |
_aWashington, D.C : _bMedicine In the Public Internet, Inc, _cc1983. |
||
| 300 |
_a62 p. : _bill. ; _c23 cm. |
||
| 650 |
_aOsteoathritis _916716 |
||
| 650 |
_aOsteoarthritis _xpatients _xRehabilitation. _916717 |
||
| 650 |
_aExercise therapy. _916718 |
||
| 942 |
_2lcc _cBK |
||
| 999 |
_c10444 _d10444 |
||